F1 Drivers 2022 - Statistics

General Stats
  • This quiz has been taken 18 times
  • The average score is 18 of 22
Answer Stats
Hint Answer % Correct
Alfa Romeo (FIN) Bottas
88%
Mercedes (UK) Hamilton
88%
Aston Martin (GER) Hulkenberg
88%
Ferrari (MON) Leclerc
88%
Mercedes (UK) Russell
88%
Haas (GER) Schumacher
88%
Redbull (NED) Verstappen
88%
Williams (THA) Albon
81%
Alpine (SPA) Alonso
81%
Alpha Tauri (FRA) Gasly
81%
Williams (CAN) Latifi
81%
Haas (DEN) Magnussen
81%
Mc Laren (UK) Norris
81%
Alpine (FRA) Ocon
81%
Redbull (MEX) Perez
81%
Mc Laren (AUS) Ricciardo
81%
Ferrari (SPA) Sainz
81%
Aston Martin (CAN) Stroll
81%
Alpha Tauri (JAP) Tsunoda
81%
Aston Martin (GER) Vettel
81%
Alfa Romeo (CHI) Zhou
81%
Williams (NED) De Vries
75%
No matching quizzes found
Score Distribution
Percent of People with Each Score
Percentile by Number Answered
Your Score History
You have not taken this quiz